00583nam a2200205Ia 450000500170000000800410001702000260005804000190008404100120010308200160011510000210013124500660015226000410021830000130025950400510027263000160032365000140033965100130035385000110036620240312093736.0131103s9999 xx 000 0 und d a8173915385cRs.900.00 aLoreto College aEnglish a371.4 bSHR aShrivastava,K.K. aPrinciples of Guidance and Counselling, cK.K. Shrivastava aNew DelhibKanishka Publishersc2008 axx,428p  aInclludes bibliographical references and index aCounsellihg aEducation aGuidance aLCLIB